Wage Indexation and Macroeconomic Stability <The> Gray-Fischer Theorem Revisited
Saved in:
| Main Author: | |
|---|---|
| Format: | Book |
| Language: | English |
| Published: |
Washington
International Monetary Fund
1996
|
| Edition: | 1. ed. |
| Series: | IMF Working Paper
121 |
| Subjects: | |
| Tags: |
No Tags, Be the first to tag this record!
|
MARC
| LEADER | 00000nam a2200000 4500 | ||
|---|---|---|---|
| 001 | c017513 | ||
| 005 | 20221205125738.2 | ||
| 041 | 0 | |a eng | |
| 044 | |a US | ||
| 245 | 1 | 0 | |a Wage Indexation and Macroeconomic Stability |b <The> Gray-Fischer Theorem Revisited |c Esteban Jadresic |
| 250 | |a 1. ed. | ||
| 264 | 1 | |a Washington |b International Monetary Fund |c 1996 | |
| 300 | |a 19 s. | ||
| 490 | 1 | |a IMF Working Paper |v 121 | |
| 830 | 0 | |a IMF Working Paper |v 121 | |
| 610 | 2 | 0 | |a mzdy |
| 610 | 2 | 0 | |a mzdy nominálne |
| 610 | 2 | 0 | |a mzdy reálne |
| 610 | 2 | 0 | |a indexy |
| 610 | 2 | 0 | |a inflácia |
| 610 | 2 | 0 | |a politika mzdová |
| 610 | 2 | 0 | |a dohody |
| 610 | 2 | 0 | |a analýza ekonometrická |
| 610 | 2 | 0 | |a teória mzdová |
| 100 | 1 | |a Jadresic, Esteban | |